00915nam a2200253Ia 4500003000400000005001700004008004100021020001800062040001800080041000800098082002200106100002600128245010800154250001200262260003500274300002700309650001700336700002800353700002700381700003300408942003100441999001900472952017000491OSt20251204115819.0210716s2008 xx 000 0 und d a9788184890242 cAIMIT LIBRARY aeng a006.321 21bMICK aMichels, Kai.9247583 aFuzzy control : bfundamentals, stability and design of fuzzy controllers /cBy Kai Michels,...[et.al]. a1st ed. aNew Delhi :bSpringer ,c2008. ax,411p. ;bPBc24.5 cm aNone9247584 aKlawonn, Frank.9247585 aKruse, Rudolf.9247586 aNurnberger, Andreas.9247587 2ddccBKe1stk006.321 MICK c192091d192091 00102ddc40708MCAaAIMITbAIMITeKnowledge Worldg395.00iBill no:1185; Bill dt:2012-01-27l0o006.321 MICKpMCA11599r2026-05-23 00:00:00v296.25w2021-07-16yBK